000 01551nam0a22003251 4500
001 v19\rc\1426502
005 20260406061838.0
035 _a(NLR Aleph) 005212838
090 _a5426516
_c5426516
100 _a20060620e18491849|||y0rusy50 ca
101 0 _arus
102 _aRU
105 _aa z |||||
200 1 _aПамятник Румянцеву на поле Кагульской битвы
210 _aОдесса
_cГор. тип.
_d1849
215 _a35 с., 1 л. фронт. (ил.)
_d21
300 _aВ конце текста: А. Тр.; авт. установлен по изд.: Масанов. И.Ф. Словарь псевдонимов... М., 1958. Т. 3; М., 1960. Т. 4. С. 475
311 _aИз "Одес. вестн." 1849 г., № 89, 90
488 0 _12001#$aОдесский вестник$v1849, № 89, 90
_tОдесский вестник
700 1 _8rus
_7ca
_aТройницкий
_bА. Г.
_f1807-1871
_gАлександр Григорьевич
_3RU\NLR\AUTH\7774158
_957086
702 1 _4570
_8rus
_7ca
_aРумянцев-Задунайский
_bП. А.
_f1725-1796
_gПётр Александрович
_3RU\NLR\AUTH\7712057
_9121788
790 1 _9z01700
_aТр.
_bА.
_f1807-1871
790 1 _9z02702
_aЗадунайский
_bП.А.
_f1725-1796
_gПетр Александрович
801 0 _aRU
_bNLR
_c20060620
_gpsbo
801 0 _aRU
_bRuMoRGB
_c20060620
_2psbo
801 1 _aRU
_bProSoft-M
_c20060620
_2rusmarc
801 2 _aRU
_bNLR
_c20070409
_2rusmarc
852 _aNLR
_j18.76.1.118
942 _cBOOK
980 _aNB